Dulu sirih laksana rokok (Record no. 86043)

MARC details
000 -LEADER
fixed length control field 00616nam a2200229 i 4500
001 - CONTROL NUMBER
control field C2-0279394
003 - CONTROL NUMBER IDENTIFIER
control field PPAK
005 - DATE AND TIME OF LATEST TRANSACTION
control field 20180728010623.0
008 - FIXED-LENGTH DATA ELEMENTS--GENERAL INFORMATION
fixed length control field 070425s xx a|||| ||||| | may d
040 ## - CATALOGING SOURCE
Original cataloging agency PPAK
Language of cataloging eng
Transcribing agency PPAK
Description conventions rda
082 04 - DEWEY DECIMAL CLASSIFICATION NUMBER
Classification number 615.882
Edition number 23
090 00 - LOCALLY ASSIGNED LC-TYPE CALL NUMBER (OCLC); LOCAL CALL NUMBER (RLIN)
Classification number (OCLC) (R) ; Classification number, CALL (RLIN) (NR) 615.882
Feature heading BAY
Feature heading KK
100 0# - MAIN ENTRY--PERSONAL NAME
Personal name Bayu Timur,
Relator term author
245 10 - TITLE STATEMENT
Title Dulu sirih laksana rokok
300 ## - PHYSICAL DESCRIPTION
Extent 5 pages :
Other physical details illustrations ;
Dimensions 30 cm
336 ## - CONTENT TYPE
Source rdacontent
Content type term text
337 ## - MEDIA TYPE
Source rdamedia
Media type term unmediated
338 ## - CARRIER TYPE
Source rdacarrier
Carrier type term volume
500 ## - GENERAL NOTE
General note Petikan dari majalah Mastika 1972
650 10 - SUBJECT ADDED ENTRY--TOPICAL TERM
Topical term or geographic name entry element Medicinal plants.
942 ## - ADDED ENTRY ELEMENTS (KOHA)
-- dc
Koha item type Book
Holdings
Withdrawn Not for loan Current library Shelving location Date acquired Full call number Barcode Date last seen Koha item type Public note
  Not For Loan Perpustakaan Alor Setar Koleksi Kedah 25/04/2007 KK 615.882 BAY A00158891 09/05/2018 Articles Artikel Pilihan
  Not For Loan Perpustakaan Alor Setar Koleksi Kedah 25/04/2007 KK 615.882 BAY A00158894 09/05/2018 Articles Artikel Pilihan